| 000 | 00866nam a22003257a 4500 | ||
|---|---|---|---|
| 001 | 0005528 | ||
| 003 | KOHA_MİRAKIL | ||
| 005 | 20260207001448.0 | ||
| 007 | ta | ||
| 008 | 090528b2000 tu |||gr||||#||||1|tur | | ||
| 020 | _a9758274236 | ||
| 040 |
_aTR-BiSEU _btur _cTR-BiSEU _erda |
||
| 041 | 0 | _atur | |
| 044 | _ctu | ||
| 050 |
_aPL223.L43 _bO95 2000 |
||
| 100 | 1 | _aLekesiz, Ömer. | |
| 245 | 1 |
_aÖykü izleri/ _cÖmer Lekesiz ; Ömer Lekesiz. |
|
| 264 | 1 |
_aAnkara : _bHece Yayınları _c2000 |
|
| 300 | _a158 sayfa; 20 cm. | ||
| 336 |
_ametin _btxt _2rdacontent |
||
| 337 |
_aaracısız _bn _2rdamedia |
||
| 338 |
_acilt _bnc _2rdacarrier |
||
| 490 | 1 | _aHece yay. | |
| 490 | 1 | _a; | |
| 500 | _aKaynakça var. | ||
| 650 | 0 |
_aTurkish literature--History and criticism. _99974 |
|
| 830 | 1 |
_aHece yay. _913328 |
|
| 830 | 1 |
_a; _91620 |
|
| 942 |
_2lcc _cBK |
||
| 999 |
_c5509 _d5509 |
||